000 00482nam a2200145Ia 4500
008 230917s9999||||xx |||||||||||||| ||und||
040 _e57978
_aMAIN
041 _aEnglish
082 _a330.1543 I8F
100 _aIntriligator, Michael D, ed
245 0 _aFrontiers of quantitative economics: V B papers invited for presentation at the ecometric society third wold congress, Toronto, 1975
260 _aAmsterdam
_bNorth-Holland
_c1977
300 _axii, 387-845 p.
942 _cBK
999 _c208894
_d208894